Management for Filipinos : (Record no. 288772)
[ view plain ]
| 000 -LEADER | |
|---|---|
| fixed length control field | 00464nam a22001457a 4500 |
| 003 - CONTROL NUMBER IDENTIFIER | |
| control field | PILC |
| 005 - DATE AND TIME OF LATEST TRANSACTION | |
| control field | 20150929102716.0 |
| 008 - FIXED-LENGTH DATA ELEMENTS--GENERAL INFORMATION | |
| fixed length control field | 150929b xxu||||| |||| 00| 0 eng d |
| 050 ## - LIBRARY OF CONGRESS CALL NUMBER | |
| Classification number | HD 31 |
| Item number | .In63 1986 |
| 100 ## - MAIN ENTRY--PERSONAL NAME | |
| Personal name | Iñigo, Jr, Conrado E. |
| 245 ## - TITLE STATEMENT | |
| Title | Management for Filipinos : |
| Remainder of title | principles and applications / |
| Statement of responsibility, etc | Conrado E. Iñigo. |
| 300 ## - PHYSICAL DESCRIPTION | |
| Extent | xvi, 320 pages : |
| Other physical details | illustrations ; |
| Dimensions | 24 cm. |
| 500 ## - GENERAL NOTE | |
| General note | Includes bibliographical references. |
| 942 ## - ADDED ENTRY ELEMENTS (KOHA) | |
| Source of classification or shelving scheme | Library of Congress Classification |
| Koha item type | Books |
| Call number prefix | Local |
| Withdrawn status | Lost status | Source of classification or shelving scheme | Damaged status | Home library | Current library | Shelving location | Date acquired | Source of acquisition | Total Checkouts | Full call number | Barcode | Date last seen | Price effective from | Koha item type |
|---|---|---|---|---|---|---|---|---|---|---|---|---|---|---|
| Library of Congress Classification | College Library | College Library | Filipiniana Section | 09/29/2015 | Donation | HD 31 .In63 1986 | C20076 | 05/08/2018 | 09/29/2015 | Books |